Capital Cities: Cities - Statistics

General Stats
  • This quiz has been taken 131 times
  • The average score is 8 of 14
Answer Stats
Capital % Correct
Mexico City
87%
Islamabad
86%
Guatemala City
75%
Panama City
75%
Kuwait City
65%
Cape Town
64%
Libreville
63%
Georgetown
61%
Freetown
58%
Vatican City
56%
Brazzaville
55%
Kingstown
51%
Bridgetown
33%
Ashgabat
19%
No matching quizzes found
Score Distribution
Percent of People with Each Score
Percentile by Number Answered
Your Score History
You have not taken this quiz